[Event "GER-chT U20"]
[Site "Borken"]
[Date "2016.12.28"]
[Round "4.5"]
[White "Bosselmann, Tom Linus"]
[Black "Pixa, Ulrich"]
[Result "1-0"]
[WhiteElo "1871"]
[BlackElo "1601"]
[PlyCount "37"]
[EventDate "2016.12.27"]
[EventType "team-swiss"]
[EventRounds "7"]
[EventCountry "GER"]
[SourceTitle "EXT 2018"]
[Source "ChessBase"]
[SourceDate "2017.10.13"]
[SourceVersion "1"]
[SourceVersionDate "2017.10.13"]
[SourceQuality "1"]
[WhiteTeam "Luebeck"]
[BlackTeam "Berlin Mattnetz"]
[WhiteTeamCountry "GER"]
[BlackTeamCountry "GER"]

1. e4 e5 2. Nf3 Nc6 3. Bc4 Bc5 4. b4 Bxb4 5. c3 Ba5 6. d4 exd4 7. 0-0 d6 8. cxd4 Nge7 9. Ng5 d5 10. exd5 Nxd5 11. Nxf7 Kxf7 12. Qf3+ Ke8 13. Bxd5 Qf6 14. Bxc6+ bxc6 15. Qh5+ Qg6 16. Qxa5 Qd6 17. Re1+ Be6 18. Ba3 Qd7 19. Qf5 1-0

[Event "GER-chT U20"]
[Site "Borken"]
[Date "2016.12.27"]
[Round "2.6"]
[White "Pixa, Ulrich"]
[Black "Werle, Joshua"]
[Result "0-1"]
[WhiteElo "1601"]
[BlackElo "1677"]
[PlyCount "88"]
[EventDate "2016.12.27"]
[EventType "team-swiss"]
[EventRounds "7"]
[EventCountry "GER"]
[SourceTitle "EXT 2018"]
[Source "ChessBase"]
[SourceDate "2017.10.13"]
[SourceVersion "1"]
[SourceVersionDate "2017.10.13"]
[SourceQuality "1"]
[WhiteTeam "Berlin Mattnetz"]
[BlackTeam "Frankfurt"]
[WhiteTeamCountry "GER"]
[BlackTeamCountry "GER"]

1. e4 Nf6 2. e5 Nd5 3. c4 Nb6 4. d4 d6 5. exd6 exd6 6. Nc3 Be7 7. Be3 0-0 8. Bd3 Bg5 9. Qh5 h6 10. f4 Qe7 11. Kd2 Re8 12. Qf3 Bg4 13. Qf2 Bf6 14. h3 Be6 15. b3 Na6 16. g4 c5 17. Nf3 cxd4 18. Bxd4 Nc5 19. Rae1 Nxd3 20. Kxd3 Bxd4 21. Nxd4 Qc7 22. g5 d5 23. cxd5 Bxd5 24. Rxe8+ Rxe8 25. Rg1 h5 26. g6 f6 27. Qh4 Qe7 28. Qf2 Be4+ 29. Kd2 Qd7 30. h4 Bf5 31. Kc1 Rc8 32. Kb2 Nd5 33. Nce2 Nb4 34. Qe3 Nd5 35. Qd2 Rd8 36. Nxf5 Qxf5 37. Rd1 Qd7 38. Nc3 Nxc3 39. Kxc3 Qc7+ 40. Kb2 Rxd2+ 41. Rxd2 Kf8 42. Rf2 Qd6 43. Rf3 Qd4+ 44. Ka3 Qe4 0-1

[Event "GER-chT U16"]
[Site "Lingen"]
[Date "2013.12.28"]
[Round "4.4"]
[White "Pixa, Ulrich"]
[Black "Wastian, Jan"]
[Result "0-1"]
[WhiteElo "1621"]
[BlackElo "1628"]
[PlyCount "114"]
[EventDate "2013.12.27"]
[EventType "team-swiss"]
[EventRounds "7"]
[EventCountry "GER"]
[SourceTitle "EXT 2015"]
[Source "ChessBase"]
[SourceDate "2014.11.20"]
[SourceVersion "1"]
[SourceVersionDate "2014.11.20"]
[SourceQuality "1"]
[WhiteTeam "Treptow"]
[BlackTeam "Brackel"]
[WhiteTeamCountry "GER"]
[BlackTeamCountry "GER"]

1. e4 c6 2. d4 d5 3. exd5 cxd5 4. c4 Nf6 5. Nc3 e6 6. Nf3 Bb4 7. cxd5 Nxd5 8. Bd2 0-0 9. Bc4 Nc6 10. 0-0 Nb6 11. Be2 Nxd4 12. Nxd4 Qxd4 13. Qc2 Bd7 14. Rfd1 Qe5 15. Be3 Bc5 16. Bxc5 Qxc5 17. Rac1 Rfd8 18. Qd2 Qe7 19. Qe3 Bc6 20. Bb5 Bxb5 21. Nxb5 Nd5 22. Qe2 a6 23. Nd4 Rac8 24. Nf3 Qe8 25. Rc4 Rxc4 26. Qxc4 Rc8 27. Qe2 h6 28. h3 Qa4 29. a3 Rc2 30. Rd2 Rc1+ 31. Kh2 Qf4+ 32. g3 Qf5 33. Nd4 Qb1 34. Nf3 Rc7 35. Rd1 Qc2 36. Rd2 Qc4 37. Qe1 Nf6 38. Ne5 Qe4 39. Re2 Qd4 40. Rd2 Qe4 41. Re2 Qf5 42. Qd2 Nd5 43. Nd3 Qf3 44. Ne5 Qf5 45. Nd3 Kh7 46. Kg2 Qg5 47. Qd1 Nf6 48. Kh2 Qd5 49. Re3 Qd4 50. Qe2 Qa4 51. Qe1 Qc2 52. Kg2 Rd7 53. Qf1 Qd2 54. Ne5 Rc7 55. Nd3 Rc2 56. Kg1 Kg8 57. Kg2 Qxe3 0-1

[Event "GER-ch U25 op-B"]
[Site "Oberhof"]
[Date "2013.05.22"]
[Round "6"]
[White "Dittrich, Tom"]
[Black "Pixa, Ulrich"]
[Result "0-1"]
[WhiteElo "1648"]
[BlackElo "1518"]
[PlyCount "92"]
[EventDate "2013.05.19"]
[EventType "swiss"]
[EventRounds "9"]
[EventCountry "GER"]
[SourceTitle "CBM 154 Extra"]
[Source "ChessBase"]
[SourceDate "2013.06.25"]
[SourceVersion "2"]
[SourceVersionDate "2013.06.25"]
[SourceQuality "1"]

1. e4 e5 2. Nf3 Nc6 3. Bc4 Bc5 4. c3 Nf6 5. d3 0-0 6. Bg5 d6 7. Bb3 Bg4 8. h3 Bh5 9. Nbd2 Re8 10. Nf1 h6 11. Bh4 Nb8 12. g4 Bg6 13. Ng3 c6 14. Qe2 Nbd7 15. 0-0-0 a5 16. g5 hxg5 17. Bxg5 a4 18. Bc2 b5 19. h4 Qb6 20. Be3 b4 21. Bxc5 Nxc5 22. cxb4 Qxb4 23. Qd2 Qb6 24. h5 Bh7 25. Qg5 Ne6 26. Qd2 Reb8 27. Bb1 Nd4 28. Ng5 Qc5+ 29. Qc3 a3 30. Qxc5 axb2+ 31. Kd2 dxc5 32. Nxh7 Kxh7 33. Ke1 Ng4 34. Kf1 Nb5 35. Rd2 Nc3 36. Kg2 Nxb1 37. Rxb1 Rxa2 38. Nf5 Nf6 39. Ne3 Nxh5 40. Nc4 Nf4+ 41. Kf3 f6 42. Ke3 g5 43. Rbxb2 Raxb2 44. Nxb2 Ne6 45. Kf3 Nd4+ 46. Kg4 Kg6 0-1

[Event "GER-chT North U16"]
[Site "Berlin"]
[Date "2012.09.07"]
[Round "4.4"]
[White "Elbracht, Michael"]
[Black "Pixa, Ulrich"]
[Result "1/2-1/2"]
[WhiteElo "1638"]
[BlackElo "1443"]
[PlyCount "72"]
[EventDate "2012.09.06"]
[EventType "team-swiss"]
[EventRounds "7"]
[EventCountry "GER"]
[SourceTitle "EXT 2015"]
[Source "ChessBase"]
[SourceDate "2014.11.20"]
[SourceVersion "1"]
[SourceVersionDate "2014.11.20"]
[SourceQuality "1"]
[WhiteTeam "Hamburger SK"]
[BlackTeam "Treptow"]
[WhiteTeamCountry "GER"]
[BlackTeamCountry "GER"]

1. e4 e5 2. Nf3 Nc6 3. d4 exd4 4. Nxd4 Bc5 5. Nxc6 bxc6 6. Bd3 d6 7. Nc3 h6 8. 0-0 Nf6 9. h3 0-0 10. Qf3 Kh8 11. Be3 Bb6 12. Bxb6 cxb6 13. Rad1 Qc7 14. Rfe1 Be6 15. a3 Rfe8 16. Qg3 Rad8 17. e5 dxe5 18. Qxe5 Qxe5 19. Rxe5 Nd5 20. Nxd5 Bxd5 21. Rde1 Be6 22. R5e2 Bd7 23. Rxe8+ Rxe8 24. Rxe8+ Bxe8 25. Kf1 Kg8 26. Ke2 Kf8 27. Ke3 Ke7 28. Bf5 Kd6 29. c4 f6 30. Bd3 Bf7 31. Kd4 c5+ 32. Ke3 a5 33. a4 g6 34. b3 Ke6 35. Be4 Kd6 36. f4 f5 1/2-1/2

[Event "Berlin-ch 2011 U14 Vorrunde 1"]
[Site "Berlin"]
[Date "2010.10.03"]
[Round "7.5"]
[White "Donath, Johann"]
[Black "Pixa, Ulrich"]
[Result "1-0"]
[WhiteElo "1451"]
[BlackElo "1061"]
[PlyCount "79"]
[EventDate "2010.09.18"]
[EventType "swiss"]
[EventRounds "7"]
[EventCountry "GER"]
[SourceTitle "EXT 2022"]
[Source "ChessBase"]
[SourceDate "2021.10.06"]
[SourceVersion "1"]
[SourceVersionDate "2021.10.06"]
[SourceQuality "1"]

1. Nf3 Nf6 2. g3 d5 3. Bg2 Bf5 4. 0-0 Nc6 5. d4 e6 6. c4 dxc4 7. Nc3 Bb4 8. Ne5 Nd5 9. Nxc6 bxc6 10. Nxd5 exd5 11. Qa4 Be7 12. Qxc6+ Kf8 13. Bxd5 Rb8 14. Qxc4 Rb4 15. Qc6 Rxd4 16. e4 Qd7 17. Be3 Qxc6 18. Bxc6 Rd6 19. Bd5 Be6 20. Bxe6 Rxe6 21. Rac1 Bd8 22. Bc5+ Ke8 23. f3 a6 24. Rfd1 Bf6 25. Ba7 Bd8 26. Bb8 Rb6 27. Bxc7 Bxc7 28. Rxc7 Rb8 29. Rdd7 Rxb2 30. Rxf7 Rf8 31. Rxg7 Kd8 32. Rgd7+ Ke8 33. Rxh7 Rb1+ 34. Kg2 Kd8 35. Ra7 Rb8 36. Rxa6 Kc8 37. e5 Re8 38. e6 Kd8 39. Rd7+ Kc8 40. Rc6# 1-0

[Event "Berlin-ch 2011 U14 Vorrunde 1"]
[Site "Berlin"]
[Date "2010.10.02"]
[Round "6.6"]
[White "Pixa, Ulrich"]
[Black "Geldner, Gerrit"]
[Result "1-0"]
[WhiteElo "1061"]
[BlackElo "1515"]
[PlyCount "51"]
[EventDate "2010.09.18"]
[EventType "swiss"]
[EventRounds "7"]
[EventCountry "GER"]
[SourceTitle "EXT 2022"]
[Source "ChessBase"]
[SourceDate "2021.10.06"]
[SourceVersion "1"]
[SourceVersionDate "2021.10.06"]
[SourceQuality "1"]

1. e4 c5 2. Nf3 Nc6 3. d4 cxd4 4. Nxd4 e5 5. Nb5 d6 6. N1c3 a6 7. Na3 b5 8. Nd5 Nce7 9. Bg5 Bb7 10. c4 Bxd5 11. cxd5 h6 12. Nxb5 hxg5 13. Qa4 Nc8 14. Nc7+ Ke7 15. Nxa8 Na7 16. Rc1 Qxa8 17. Rc7+ Kf6 18. Qd7 Kg6 19. Qxf7+ Kh6 20. h4 Nf6 21. hxg5+ Kxg5 22. Rxh8 Qb8 23. Rb7 Qc8 24. Rc7 Qb8 25. Qxg7+ Bxg7 26. Rxg7+ 1-0